[Event "BL2-N9091"]
[Site "Germany"]
[Date "1991.??.??"]
[Round "?"]
[White "Lingnau, Carsten"]
[Black "Volke, Karsten"]
[Result "0-1"]
[WhiteElo "2225"]
[BlackElo "2395"]

1.d4 Nf6 2.Nf3 g6 3.c4 Bg7 4.g3 O-O 5.Bg2 d6 6.Nc3 Nbd7 7.O-O e5 8.h3 c6
9.e4 Qb6 10.Re1 exd4 11.Nxd4 Ne8 12.Nf3 Ne5 13.Nxe5 dxe5 14.Qa4 a5 15.Be3 Qxb2
16.Rec1 Qb4 17.Qd1 Qd6 18.Qxd6 Nxd6 19.Bc5 Nxc4 20.Na4 b5 21.Bxf8 Bxf8 22.Bf1 Ba3
23.Rxc4 bxc4 24.Nb6 Rb8 25.Nxc4 Bc5 26.Nxe5 Rb2 27.Nd3 Rc2 28.Re1 Be6 29.Re2 Rxe2
30.Bxe2 Ba3 31.Ne5 Bxa2 32.Nxc6 Bb4 33.Bd1 Kf8 34.Kf1 Bc4+ 35.Kg2 Bb5 36.Nd4 Bd7
37.Bb3 Bc5 38.Ne2 a4 39.Ba2 Bc6 40.Nc3 Ke7 41.Kf1 Bd4 42.Nd5+ Kd6 43.f3 Bb5+
44.Ke1 Kc5 45.Kd2 Bc4 46.Bxc4 Kxc4  0-1

[Event "BL2-S9091"]
[Site "Germany"]
[Date "1991.??.??"]
[Round "?"]
[White "Bachmayr, Peter"]
[Black "Speckner, Roland"]
[Result "1-0"]
[WhiteElo "2345"]
[BlackElo "2225"]

1.d4 g6 2.Nf3 Bg7 3.c4 d6 4.g3 Nf6 5.Bg2 O-O 6.O-O Nbd7 7.Nc3 e5 8.e4 exd4
9.Nxd4 Nc5 10.Re1 Re8 11.h3 Bd7 12.Rb1 Qc8 13.Kh2 Re5 14.b4 Rh5 15.bxc5 dxc5
16.Nde2 Bxh3 17.Rh1 Bxg2+ 18.Kxg2 Rxh1 19.Qxh1 Qe6 20.Qh4 b6 21.Nd5 Qxe4+
22.Qxe4 Nxe4 23.Nxc7 Rd8 24.Rb3 Nd2 25.Ra3 a5 26.Bxd2 Rxd2 27.Kf3 Bf6 28.Nd5 Bd8
29.Ke3 Rb2 30.Rb3 Rxa2 31.Nxb6 a4 32.Nxa4 Bg5+ 33.f4 Rxa4 34.fxg5 Rxc4 35.Nc3 Kg7
36.Ne4 h6 37.gxh6+ Kxh6 38.Rb5 Kh5 39.Rxc5+ Rxc5 40.Nxc5 Kg4 41.Kf2 f5 42.Nd3 Kg5
43.Kf3 Kf6 44.Ke3 g5 45.Kd4 Ke6 46.Kc5  1-0

[Event "BL2-SW9091"]
[Site "Germany"]
[Date "1991.??.??"]
[Round "?"]
[White "Gallo, Jens"]
[Black "Schaufelberger, Heinz"]
[Result "1-0"]
[WhiteElo "2230"]
[BlackElo "2325"]

1.d4 Nf6 2.Nf3 g6 3.c4 Bg7 4.g3 O-O 5.Bg2 d6 6.O-O c6 7.Nc3 Bf5 8.Ne1 d5
9.Qb3 Qd7 10.cxd5 cxd5 11.Nxd5 Nxd5 12.Qxd5 Qxd5 13.Bxd5 Nc6 14.e3 e5 15.dxe5 Nxe5
16.Kg2 Rfd8 17.e4 Rxd5 18.exd5 Be4+ 19.f3 Bxd5 20.Bf4 a5 21.Rf2 h6 22.h4 a4
23.Rd2 Ra5 24.Bxe5 Bxe5 25.Nd3 Bf6 26.a3 Bb3 27.Nf2 Kg7 28.Ne4 Be5 29.Rc1 b6
30.Rc6 g5 31.hxg5 hxg5 32.Rxb6 Ra7 33.Nc5 Ba2 34.Rb4 Ra5 35.Nxa4  1-0

[Event "BL2-SW9091"]
[Site "Germany"]
[Date "1991.??.??"]
[Round "?"]
[White "Mandel, Andreas"]
[Black "Bode, Ulf"]
[Result "1/2-1/2"]
[WhiteElo "2360"]
[BlackElo "2250"]

1.d4 Nf6 2.Nf3 g6 3.c4 Bg7 4.g3 O-O 5.Bg2 d6 6.O-O Nbd7 7.Nc3 e5 8.h3 Re8
9.e4 exd4 10.Nxd4 Nc5 11.Re1 Bd7 12.Rb1 h6 13.Kh2 Qc8 14.Bf4 a6 15.b4 Ne6
16.Nxe6 Bxe6 17.Nd5 Nd7 18.Rc1 Qd8 19.Be3 a5 20.a3 axb4 21.axb4 g5 22.Bd4 Ne5
23.f4 gxf4 24.gxf4 Ng4+ 25.hxg4 Qh4+ 26.Kg1 Ra2 27.Nc3 Bxg4 28.Nxa2 Bxd1
29.Rexd1 Bxd4+ 30.Rxd4 Qxf4 31.Re1 Ra8 32.Nc3 Ra1 33.Rdd1 Ra3 34.Rd3 Qe5
35.Ree3 Ra1+ 36.Kf2 Qf4+ 37.Rf3 Qc1 38.Rde3 c6 39.Kg3 Qb2 40.Kh2 Qxb4 41.e5 dxe5
42.Ne4 Qxc4 43.Rf5 Qd4 44.Rg3+ Kf8 45.Rgf3 Ra2 46.Rxf7+ Ke8 47.Rf8+ Ke7 48.R3f7+ Ke6
49.Rf6+ Ke7 50.R6f7+ Ke6 51.Rf6+ Ke7 52.R8f7+ Ke8 53.Rf8+ Ke7  1/2-1/2

[Event "BL2-SW9091"]
[Site "Germany"]
[Date "1991.??.??"]
[Round "?"]
[White "Mandel, Andreas"]
[Black "Rechel, Bernd"]
[Result "1-0"]
[WhiteElo "2360"]
[BlackElo "2350"]

1.d4 Nf6 2.Nf3 g6 3.c4 Bg7 4.g3 O-O 5.Bg2 d6 6.O-O Nbd7 7.Qc2 e5 8.Rd1 Re8
9.e4 exd4 10.Nxd4 c6 11.Nc3 Qb6 12.h3 Nc5 13.Be3 Qc7 14.Nb3 Ncd7 15.Nd4 Nc5
16.Rd2 Bd7 17.Rad1 Rad8 18.Nb3 Be6 19.Nxc5 dxc5 20.b3 Rxd2 21.Qxd2 Nd7 22.Ne2 b6
23.Nf4 Nf8 24.h4 Bg4 25.f3 Bd7 26.Kh2 Qc8 27.h5 g5 28.h6 Bxh6 29.Nh5 Qd8
30.Bh3 Re6 31.Bxe6 fxe6 32.Qc3 Kf7 33.Qe5 Kg6 34.g4 Qe7 35.Kg2 Be8 36.Qd6 Qf7
37.Bc1 Nd7 38.Bb2 b5 39.Qd3 bxc4 40.bxc4 Qg8 41.Rd2 Bf8 42.e5+ Kf7 43.Qe4 Be7
44.Bc3 Qg6 45.Qe2 Qb1 46.Rb2 Qc1 47.Rc2 Qb1 48.Rd2 Kg8 49.Nf6+ Bxf6 50.exf6 Kf7
51.Qe3 h6 52.Re2 Nf8 53.Qxc5 Qb7 54.Qd6 c5 55.Re5 Qd7 56.Qxd7+ Nxd7 57.Re1 Nb6
58.Rh1 Kg6 59.Rd1 Nxc4 60.Rd8 Bf7 61.Rc8 Ne3+ 62.Kg1 e5 63.Bxe5 Bxa2 64.Kf2 Nc2
65.Rxc5 Nb4 66.Ke3 Bf7 67.Ke4 a6 68.Bb2 Bb3 69.Bc3 Nc2 70.Ra5 Bc4 71.Ra4  1-0

[Event "NRW-Baden"]
[Site "Germany"]
[Date "1991.??.??"]
[Round "?"]
[White "Hennig, Dirk"]
[Black "Neurohr, Stephan"]
[Result "1/2-1/2"]
[WhiteElo "2335"]
[BlackElo "2335"]

1.d4 Nf6 2.Nf3 g6 3.c4 Bg7 4.g3 O-O 5.Bg2 d6 6.O-O Nc6 7.b3 e5 8.e3 Bg4 9.h3 Bxf3
10.Bxf3 exd4 11.exd4 Nxd4 12.Bxb7 Rb8 13.Bg2 Nd7 14.Nc3 Nxb3 15.axb3 Bxc3
16.Rxa7 Nc5 17.Ra3 Qf6 18.Be3 Qe5 19.Qc2 Bd4 20.Bxd4 Qxd4 21.Rd1 Qe5 22.Rb1 Rb4
23.Bc6 Rb6 24.Bd5 Rfb8 25.Kg2 c6 26.Bf3 Ne6 27.Qd3 Nd4 28.Rd1 c5 29.Rb1 Re8
30.Bd5 Re7 31.Ra4 Qe2 32.Qxe2 Nxe2 33.Rb2 Kg7 34.Bf3 Nd4 35.b4 cxb4 36.Raxb4 Rxb4
37.Rxb4 Kf6 38.Bd5 g5  1/2-1/2

[Event "NRW-Liga II 9091"]
[Site "Germany"]
[Date "1991.??.??"]
[Round "?"]
[White "Tomaszewski, Roman"]
[Black "Vinke, Dietmar"]
[Result "1-0"]
[WhiteElo "2345"]
[BlackElo "2260"]

1.d4 Nf6 2.c4 g6 3.Nf3 Bg7 4.g3 O-O 5.Bg2 d6 6.Nc3 Nbd7 7.O-O e5 8.e4 exd4
9.Nxd4 Nc5 10.h3 Re8 11.Re1 a5 12.Qc2 a4 13.Be3 c6 14.Rab1 Nfd7 15.b4 axb3
16.axb3 Ne5 17.Red1 Qe7 18.f4 Ned7 19.Bf2 Nf6 20.Re1 Nh5 21.b4 Ne6 22.Nde2 Nf6
23.Red1 Qc7 24.Rd2 Nd7 25.Na4 c5 26.b5 Nd4 27.Nxd4 cxd4 28.Bxd4 Bxd4+ 29.Rxd4 Nc5
30.Nc3 Ra3 31.Qb2 Rxc3 32.Qxc3 Qb6 33.Kh2 Na4 34.Qd2 Be6 35.Rxd6 Qc5 36.Rc1 Bxc4
37.Rd4 Nb6 38.Bf1  1-0

[Event "BL2-W9091"]
[Site "Germany"]
[Date "1991.??.??"]
[Round "?"]
[White "Heinbuch, Detlef"]
[Black "Hermesmann, Hans"]
[Result "1-0"]
[WhiteElo "2350"]
[BlackElo "2345"]

1.d4 Nf6 2.Nf3 g6 3.c4 Bg7 4.g3 O-O 5.Bg2 d6 6.O-O Nc6 7.Nc3 a6 8.Bd2 Bf5
9.d5 Na5 10.e4 Bd7 11.Qe2 c5 12.dxc6 Nxc6 13.h3 Rc8 14.Rfd1 Be6 15.Nd5 Nd7
16.Be3 Nce5 17.Nxe5 Bxe5 18.Rac1 Bg7 19.b3 Bxd5 20.Rxd5 Qc7 21.Rcd1 Rfd8
22.h4 Nf6 23.R5d2 Re8 24.Bd4 Nh5 25.Bxg7 Nxg7 26.e5 Rcd8 27.Rd5 b6 28.Qd2 Ne6
29.Bh3 Nc5 30.h5 Nb7 31.e6 f6 32.Qh6 g5 33.Bf5  1-0

[Event "BL2-W9091"]
[Site "Germany"]
[Date "1991.??.??"]
[Round "?"]
[White "Hennig, Dirk"]
[Black "Stoeber, Michael"]
[Result "1-0"]
[WhiteElo "2335"]
[BlackElo "2270"]

1.d4 Nf6 2.Nf3 g6 3.c4 Bg7 4.g3 O-O 5.Bg2 d6 6.O-O Nc6 7.Nc3 a6 8.a3 Na5
9.Qd3 c5 10.Bg5 Rb8 11.Rad1 cxd4 12.Nxd4 Bd7 13.Nd5 Nxd5 14.cxd5 Rc8 15.Qe4 Qb6
16.Qh4 Rfe8 17.e3 Qxb2 18.Bxe7 Qxa3 19.Bf6 Rc4 20.Qf4 Rec8 21.h4 h5 22.Bf3 Qc5
23.Qg5 Bxf6 24.Qxf6 Ba4 25.Ne6 fxe6 26.Qxg6+ Kf8 27.Qf6+ Ke8 28.Bxh5+ Kd7
29.Qf7+ Kd8 30.dxe6 Qe5 31.Rd5  1-0

[Event "BL2-W9091"]
[Site "Germany"]
[Date "1991.??.??"]
[Round "?"]
[White "Schulz, Klaus Juergen"]
[Black "Libeau, Rene"]
[Result "1/2-1/2"]
[WhiteElo "2390"]
[BlackElo "2360"]

1.d4 Nf6 2.Nf3 g6 3.g3 Bg7 4.Bg2 O-O 5.c4 d6 6.O-O Nbd7 7.Nc3 e5 8.Qc2 c6
9.Rd1 Re8 10.b3 e4 11.Nd2 d5 12.cxd5 cxd5 13.Nb5 Re6 14.Qc7 Qe8 15.Qf4 Nh5
16.Qe3 Qd8 17.Bb2 a6 18.Nc3 Nb6 19.a4 a5 20.Nf1 Bd7 21.Qd2 Bc6 22.Ba3 f5
23.f4 Bh6 24.e3 Nd7 25.Qe2 Ndf6 26.Rac1 Ng7 27.Rc2 Nfe8 28.Nd2 Rf6 29.Rdc1 Ne6
30.Qf2 Bg7 31.Bf1 Rf7 32.Nb5 h6 33.Nb1 Qd7 34.N1c3 g5 35.Be2 g4 36.h3 h5
37.hxg4 hxg4 38.Qh2 Bf8 39.Bxf8 Nxf8 40.Kf2 Rh7 41.Qg2 Nf6 42.Rh1 Rxh1 43.Qxh1 Kg7
44.Qa1 Ne6 45.Rc1 Rh8 46.Rh1 Qd8 47.Qg1 Rxh1 48.Qxh1 Qf8 49.Qc1 Qh8 50.Qg1  1/2-1/2

[Event "Regionalliga NordS"]
[Site "Germany"]
[Date "1991.??.??"]
[Round "?"]
[White "Legahn, Dirk"]
[Black "Von Herman, Ulf"]
[Result "1/2-1/2"]
[WhiteElo "2280"]
[BlackElo "2205"]

1.d4 Nf6 2.Nf3 g6 3.c4 Bg7 4.g3 O-O 5.Bg2 d6 6.O-O Nc6 7.Nc3 a6 8.d5 Na5
9.Nd2 c5 10.Qc2 Rb8 11.Rb1 b5 12.cxb5 axb5 13.b4 cxb4 14.Rxb4 Bd7 15.Ba3 Qb6
16.Qb1 Rfc8 17.Bb2 Nc4 18.Nxc4 Rxc4 19.Ba1 Rbc8 20.Qb3 Rxb4 21.Qxb4 Rc4 22.Qb3 Qc5
23.h3 h5 24.Nd1 Qc8 25.Ne3 Ra4 26.Bb2 Bxh3 27.Qxb5 Bd7 28.Qb3 h4 29.Rc1 Qd8
30.gxh4 Rxh4 31.Rc4 Rxc4 32.Qxc4 Qa5 33.Bc3 Qb6 34.Qb3 Qxb3 35.axb3 Ng4 36.Bxg7 Kxg7
37.Nc2 e5 38.dxe6 fxe6 39.Be4 Kf6 40.f4 g5 41.e3 gxf4  1/2-1/2

[Event "Regionalliga NordS"]
[Site "Germany"]
[Date "1991.??.??"]
[Round "?"]
[White "Legahn, Dirk"]
[Black "Heilemann, Manfred"]
[Result "1/2-1/2"]
[WhiteElo "2280"]
[BlackElo "2275"]

1.g3 Nf6 2.Bg2 g6 3.d4 Bg7 4.c4 O-O 5.Nf3 d6 6.O-O Nbd7 7.Qc2 e5 8.Rd1 Re8
9.dxe5 dxe5 10.e4 c6 11.h3 Qc7 12.Be3 Nf8 13.Bc5 N6d7 14.Bd6 Qd8 15.c5 Qf6
16.Na3 Ne6 17.b4 Ng5 18.Nxg5 Qxg5 19.b5 Nf6 20.bxc6 bxc6 21.Qa4 Bd7 22.Nc4 Qh5
23.g4 Qg5 24.Qb3 h5 25.f3 Be6 26.Qe3 Qxe3+ 27.Nxe3 Bh6 28.Kf2 Nd7 29.Bf1 Bf8
30.Bxf8 Kxf8 31.Rac1 hxg4 32.hxg4  1/2-1/2

[Event "Regionalliga NordS"]
[Site "Germany"]
[Date "1991.??.??"]
[Round "?"]
[White "Chochulski, Artur"]
[Black "Juhnke, Karl"]
[Result "1/2-1/2"]
[WhiteElo "2290"]
[BlackElo "2305"]

1.d4 Nf6 2.c4 g6 3.Nf3 Bg7 4.g3 d6 5.Bg2 O-O 6.O-O c6 7.Nc3 Qa5 8.h3 Be6
9.Qd3 Qa6 10.b3 d5 11.Ne5 Rd8 12.e4 dxc4 13.bxc4 Nfd7 14.Nxd7 Nxd7 15.d5 cxd5
16.exd5 Ne5 17.Qe2 Bf5 18.c5 Qxe2 19.Nxe2 Nf3+ 20.Bxf3 Bxa1 21.Bg5 Bf6 22.Bxf6 exf6
23.Rc1 Re8 24.Nc3 Rad8 25.g4 Bd3 26.d6 Re5 27.Bd5 g5 28.Rd1 Ba6 29.Ne4 Kg7
30.Rd4 h6 31.Ng3 Kf8 32.Nf5 h5 33.Ne3 hxg4 34.hxg4 Bb5 35.Nf5 Bd7 36.Ne7 Be6
37.Bxe6 Rxe6 38.Rb4 b6 39.c6 Rexd6 40.c7 Kxe7 41.Re4+ Kf8 42.cxd8=Q+ Rxd8
43.a4 Rd1+ 44.Kg2 Rb1 45.Rc4 Kg7 46.Kf3 Kg6 47.Ke4 a5 48.Rc6 Rb3 49.f3 Kg7
50.Rd6 Rb1 51.Ke3 Re1+ 52.Kf2 Rb1 53.Ke3 Rb3+ 54.Kf2 b5 55.Ra6 bxa4 56.Rxa5 a3
57.Ra8 Rb2+ 58.Kg3 a2 59.Kh3 f5 60.gxf5 Kf6 61.Ra5 Ke7 62.Kg4 Rg2+ 63.Kh3 Rc2
64.Kg4 Kf6 65.Ra6+ Ke5 66.Ra5+ Kd4 67.Kxg5 Kc3 68.Kf6 Kb2 69.Kxf7 a1=Q  1/2-1/2

[Event "Groningen op"]
[Site "Groningen"]
[Date "1991.??.??"]
[Round "1"]
[White "Siegel, Georg"]
[Black "Renet, Olivier"]
[Result "0-1"]
[WhiteElo "2320"]
[BlackElo "2485"]

1.c4 g6 2.Nf3 Bg7 3.d4 Nf6 4.g3 O-O 5.Bg2 d6 6.O-O Nbd7 7.Qc2 e5 8.Rd1 Qe7
9.b3 exd4 10.Nxd4 Re8 11.Nc3 c6 12.Bb2 Nc5 13.b4 Nce4 14.Nxe4 Nxe4 15.Nb3 Nf6
16.Re1 d5 17.cxd5 cxd5 18.Bc3 Bf5 19.Qb2 Be4 20.Nc5 Bxg2 21.Kxg2 Rac8 22.Rac1 h5
23.e4 dxe4 24.Kg1 h4 25.Rcd1 Rcd8 26.Rxd8 Rxd8 27.Nxe4 Nxe4 28.Bxg7 Ng5 29.Rc1 Qe4
30.Bh6 Nf3+ 31.Kg2 Ne5+ 32.Kf1 Re8 33.Be3 Nd3 34.Qc3 Nxc1 35.Bxc1 Qh1+  0-1

[Event "Groningen op"]
[Site "Groningen"]
[Date "1991.??.??"]
[Round "4"]
[White "Vanheste, Jeroen"]
[Black "Nijboer, Friso"]
[Result "1/2-1/2"]
[WhiteElo "2385"]
[BlackElo "2465"]

1.d4 g6 2.c4 Nf6 3.Nf3 Bg7 4.g3 O-O 5.Bg2 d6 6.Nc3 Nbd7 7.O-O e5 8.e4 a6
9.Re1 Rb8 10.d5 Qe7 11.b4 c5 12.a3 Ne8 13.Rb1 f5 14.Ng5 Ndf6 15.bxc5 dxc5
16.exf5 gxf5 17.Bf4 Nd7 18.d6 Qf6 19.Ne6 Rf7 20.Ng5 Rf8 21.Ne6 Rf7 22.Bd5 exf4
23.Nxg7 Nxg7 24.Re7 Ne5 25.Bxf7+ Nxf7 26.Nd5 Qxd6 27.Rb6 Qd8 28.Qa1 Nh5 29.Qd1 Ng7
30.Qa1 Nh5 31.Qd1 Ng7  1/2-1/2

[Event "Gyor-J"]
[Site "Gyor"]
[Date "1991.??.??"]
[Round "?"]
[White "Seres, Lajos"]
[Black "Makarjev, Ilja"]
[Result "1-0"]
[WhiteElo "2305"]
[BlackElo "2345"]

1.d4 Nf6 2.Nf3 g6 3.c4 Bg7 4.g3 O-O 5.Bg2 d6 6.Nc3 Nc6 7.O-O a6 8.h3 Rb8
9.e4 b5 10.e5 Ne8 11.cxb5 axb5 12.Bf4 h6 13.Re1 Na5 14.Qe2 b4 15.Ne4 Be6
16.b3 Qd7 17.h4 Bd5 18.Rac1 Nc6 19.Kh2 Nd8 20.Qd2 Kh7 21.Nfg5+ Kg8 22.Nh3 Bxe4
23.Rxe4 Kh7 24.d5 dxe5 25.Bxe5 Bxe5 26.Rxe5 Nf6 27.Kg1 c6 28.Qf4 cxd5 29.Rxe7 Qxe7
30.Qxb8 Ne6 31.Qe5 Qd8 32.Nf4 Nxf4 33.Qxf4 Qb6 34.Rd1 Kg7 35.g4 Qe6 36.g5 hxg5
37.hxg5 Ne4 38.Bxe4 Qxe4 39.Qxe4 dxe4 40.Rd4 Re8 41.Rxb4 Re5 42.Kf1 Rxg5
43.Rxe4 Rd5 44.a4 f5 45.Re2 Kf6 46.Ke1 g5 47.Ra2 Ke6 48.a5 Rd8 49.Re2+ Kf6
50.b4 Rb8 51.Rb2 Ke5 52.Kd2 Kd6 53.Kc3 Kc6 54.Kc4 g4 55.Re2 Rh8 56.Re6+ Kb7
57.Rf6 Rh4 58.Rxf5 g3+ 59.Kb3 g2 60.Rg5 Rh3+ 61.Ka4 Rh2 62.f4  1-0

[Event "Hamburg SKA"]
[Site "Hamburg"]
[Date "1991.??.??"]
[Round "?"]
[White "Lobron, Eric"]
[Black "Kindermann, Stefan"]
[Result "0-1"]
[WhiteElo "2545"]
[BlackElo "2515"]

1.d4 Nf6 2.c4 g6 3.g3 Bg7 4.Bg2 O-O 5.Nf3 d6 6.O-O Nc6 7.Nc3 a6 8.b3 Rb8
9.a4 e5 10.d5 Nb4 11.a5 c5 12.e4 Ne8 13.Na2 Nxa2 14.Rxa2 f5 15.Bg5 Nf6 16.Qc1 b5
17.axb6 Qxb6 18.exf5 gxf5 19.Nd2 Qc7 20.h3 Qf7 21.f4 Nh5 22.Kh2 Qg6 23.Bf3 Re8
24.Qd1 Nf6 25.Re1 e4 26.Be2 Qf7 27.Qc2 Qb7 28.Bd1 Qb4 29.Ra4 Qb6 30.Ra2 Bd7
31.Nf1 a5 32.Ne3 Ra8 33.Rg1 Kh8 34.g4 fxg4 35.hxg4 Ng8 36.Bh4 Bd4 37.Bf2 Qd8
38.Rg3 Qf6 39.Ng2 e3 40.Bg1 Re7 41.Qe2 Rae8 42.Qf3 Qh6+ 43.Rh3 Qg7 44.f5 Nf6
45.Kh1 Ne4 46.Nf4 Nf2+ 47.Bxf2 exf2 48.Ng6+ Qxg6 49.fxg6 Re1+ 50.Kg2 Rg1+
51.Kh2 Be5+ 52.Rg3 Bxg3+ 53.Qxg3 Rxg3  0-1

[Event "Hartberg op"]
[Site "Hartberg"]
[Date "1991.??.??"]
[Round "4"]
[White "Ilincic, Zlatko"]
[Black "Znamenacek, Kvetoslav"]
[Result "1-0"]
[WhiteElo "2470"]
[BlackElo "2340"]

1.d4 Nf6 2.c4 g6 3.Nf3 Bg7 4.g3 d6 5.Bg2 O-O 6.O-O c5 7.d5 Na6 8.Nc3 Nc7
9.a4 Rb8 10.h3 b6 11.e4 Nd7 12.Qe2 a6 13.Bf4 Ne5 14.Nxe5 dxe5 15.Be3 a5 16.f4 Ne8
17.f5 Nd6 18.g4 Bf6 19.b3 Bh4 20.Bh6 Re8 21.g5 f6 22.Qg4 fxg5 23.Bxg5 Bxg5
24.Qxg5 Nf7 25.Qg3 Qd6 26.Nb5 Qf6 27.Nc7 Rf8 28.Ne6 Re8 29.Rf3 Nd6 30.fxg6 Nxe4
31.gxh7+ Kh8 32.Qg4  1-0

[Event "Hartberg op"]
[Site "Hartberg"]
[Date "1991.??.??"]
[Round "4"]
[White "Fominyh, Alexander"]
[Black "Wittmann, Walter"]
[Result "1-0"]
[WhiteElo "2535"]
[BlackElo "2360"]

1.d4 Nf6 2.Nf3 g6 3.c4 Bg7 4.g3 O-O 5.Bg2 d6 6.O-O Nc6 7.Nc3 Bf5 8.Ne1 Na5
9.e4 Bd7 10.b3 c5 11.Nc2 Nc6 12.Bb2 cxd4 13.Nxd4 a6 14.Nde2 Rb8 15.Qd2 Qa5
16.Rfd1 b5 17.cxb5 axb5 18.Nd5 Qxd2 19.Rxd2 Nxd5 20.Bxg7 Kxg7 21.exd5 Nb4
22.a3 Ra8 23.Nd4 Rfc8 24.Bf1 Rc5 25.Re1 Rxa3 26.Rxe7 Bc8 27.Re1 Ra5 28.Ne6+ fxe6
29.dxe6 Ra8 30.Rxd6 Ba6 31.Rd7+ Kg8 32.Re4 Nc6 33.Rc7 Re8 34.e7 Re5 35.Rxe5 Nxe5
36.Ra7 Bc8 37.Bxb5 Kf7 38.Bxe8+ Kxe8 39.Ra8  1-0

[Event "Hartberg op"]
[Site "Hartberg"]
[Date "1991.??.??"]
[Round "5"]
[White "Baburin, Alexander"]
[Black "Thiede, Lars"]
[Result "1/2-1/2"]
[WhiteElo "2470"]
[BlackElo "2240"]

1.d4 Nf6 2.c4 g6 3.Nf3 Bg7 4.g3 O-O 5.Bg2 d6 6.O-O Nbd7 7.Qc2 e5 8.Rd1 Re8
9.e4 c6 10.Nc3 Qe7 11.b3 exd4 12.Nxd4 Nc5 13.f3 a5 14.Be3 d5 15.cxd5 cxd5
16.Bg5 Qd6 17.Bxf6 Qxf6 18.Nxd5 Qxd4+ 19.Rxd4 Bxd4+ 20.Kh1 Bxa1 21.Nc7 Be6
22.Nxa8 Rxa8 23.Qxc5 Rc8 24.Qa3 Rc2 25.h4 Bd4 26.Kh2 b6 27.Qd6 Bc5 28.Qd8+ Kg7
29.h5 Rxa2 30.f4 Bxb3 31.f5 Bf8 32.h6+ Kg8 33.fxg6 fxg6 34.e5 a4 35.Kh3 Rf2
36.g4 a3 37.Qxb6 Rb2 38.Qd4 Rxg2 39.Kxg2 a2 40.g5 Kf7 41.Kf3 Be6  1/2-1/2

[Event "Hartberg op"]
[Site "Hartberg"]
[Date "1991.??.??"]
[Round "6"]
[White "Fominyh, Alexander"]
[Black "Vukic, Milan"]
[Result "1/2-1/2"]
[WhiteElo "2535"]
[BlackElo "2500"]

1.d4 Nf6 2.Nf3 g6 3.c4 Bg7 4.g3 O-O 5.Bg2 d6 6.O-O Nbd7 7.Qc2 e5 8.Rd1 Qe7
9.Nc3 c6 10.b3 Re8 11.e4 exd4 12.Nxd4 Nc5 13.f3 a5 14.Be3 Nfd7 15.Bf2 Ne5
16.h3 f6 17.f4 Nf7 18.Re1 Bd7 19.Rad1 Qf8 20.a3 Re7 21.b4 axb4 22.axb4 Na6
23.b5 Nc5 24.Nb3 Nxb3 25.Qxb3 Be6 26.f5 gxf5 27.exf5 Bxf5 28.Rxe7 Qxe7 29.bxc6 bxc6
30.Bxc6 Rc8 31.Bg2 Be6 32.Nd5 Qf8 33.c5 Kh8 34.cxd6 Qxd6 35.Qa4 Qf8  1/2-1/2

[Event "Hartberg op"]
[Site "Hartberg"]
[Date "1991.??.??"]
[Round "7"]
[White "Baburin, Alexander"]
[Black "Robovic, Saudin"]
[Result "1-0"]
[WhiteElo "2470"]
[BlackElo "2340"]

1.d4 Nf6 2.c4 g6 3.Nf3 Bg7 4.g3 O-O 5.Bg2 d6 6.O-O Nbd7 7.Qc2 e5 8.Rd1 Qe7
9.Nc3 c6 10.b3 Re8 11.e4 exd4 12.Nxd4 Nc5 13.f3 a5 14.Be3 Nfd7 15.Bf2 Ne5
16.h3 h5 17.f4 Ned7 18.Re1 Qf8 19.Rad1 Nf6 20.a3 Bh6 21.Nf3 Be6 22.Bd4 Nh7
23.f5 Bc8 24.fxg6 fxg6 25.Nh4 Re6 26.e5 Qe8 27.Nd5 cxd5 28.cxd5 Re7 29.e6 Nf8
30.Rf1 Ncxe6 31.dxe6 Bxe6 32.Bf6 Rd7 33.Qd3 Rc8 34.Rde1 Rc5 35.b4 axb4 36.axb4 Rc8
37.Bd5 Rdc7 38.Bxe6+ Nxe6 39.Qd5  1-0

[Event "Hartberg op"]
[Site "Hartberg"]
[Date "1991.??.??"]
[Round "9"]
[White "Ilincic, Zlatko"]
[Black "Wittmann, Walter"]
[Result "1/2-1/2"]
[WhiteElo "2470"]
[BlackElo "2360"]

1.d4 Nf6 2.c4 g6 3.Nf3 Bg7 4.g3 O-O 5.Bg2 d6 6.O-O Nc6 7.Nc3 Bf5 8.d5 Na5
9.Nd2 c6 10.e4 Bg4 11.Qc2 cxd5 12.cxd5 Rc8 13.h3 Be2 14.Re1 Ba6 15.e5 dxe5
16.Rxe5 Nd7 17.Re1 Nc5 18.Nde4 Nd3 19.Rd1 Nxc1 20.Raxc1 Nc4 21.b3 Nd6 22.Qd2 Qa5
23.Nxd6 exd6 24.Ne4 Qxd2 25.Nxd2 Bb2 26.Rb1 Ba3 27.Bf1 Bxf1 28.Kxf1 Rc2 29.Nc4 Rxa2
30.b4 Rc8 31.Nxd6 Rcc2 32.Ne4 f5 33.d6 fxe4 34.d7 Rxf2+  1/2-1/2

[Event "Hartberg op"]
[Site "Hartberg"]
[Date "1991.??.??"]
[Round "9"]
[White "Baburin, Alexander"]
[Black "Vigh, Bela"]
[Result "1-0"]
[WhiteElo "2470"]
[BlackElo "2340"]

1.d4 Nf6 2.c4 g6 3.Nf3 Bg7 4.g3 O-O 5.Bg2 d6 6.O-O Nc6 7.d5 Na5 8.Nfd2 c5
9.Nc3 a6 10.Rb1 Rb8 11.b3 b5 12.Bb2 bxc4 13.bxc4 Bh6 14.f4 e5 15.dxe6 fxe6
16.e3 Bg7 17.Qc2 Bb7 18.Bxb7 Rxb7 19.Ba1 Rff7 20.Nce4 Nxe4 21.Nxe4 Bxa1 22.Rxa1 Rb4
23.Qd3 Rd7 24.Rac1 Qe7 25.Qa3 Nxc4 26.Qc3 Rdb7 27.a3 Ra4 28.Rb1 Nxa3 29.Nf6+ Kf8
30.Nxh7+ Kg8 31.Rxb7 Qxb7 32.Ng5 Qg7 33.Qb3 Ra5 34.Qxe6+ Kh8 35.Rd1 Nc2 36.Rxd6 Ra1+
37.Kf2 Qf8 38.Rd7  1-0

[Event "Helsinki-ch"]
[Site "Helsinki"]
[Date "1991.??.??"]
[Round "?"]
[White "Kekki, Jorma"]
[Black "Kanko, Ilkka"]
[Result "1/2-1/2"]
[WhiteElo "2295"]
[BlackElo "2310"]

1.d4 Nf6 2.Nf3 g6 3.g3 Bg7 4.Bg2 O-O 5.c4 d6 6.O-O Nbd7 7.Nc3 e5 8.e4 c6
9.h3 Qb6 10.dxe5 dxe5 11.Qc2  1/2-1/2

[Event "Herning"]
[Site "Herning"]
[Date "1991.??.??"]
[Round "?"]
[White "Sloth, Jorn"]
[Black "Watson, William N"]
[Result "0-1"]
[WhiteElo "2360"]
[BlackElo "2525"]

1.Nf3 d6 2.d4 g6 3.g3 Bg7 4.Bg2 Nf6 5.c4 O-O 6.O-O Nbd7 7.Qc2 e5 8.Rd1 Re8
9.dxe5 dxe5 10.e4 c6 11.h3 Qe7 12.Be3 Nc5 13.Nc3 Nh5 14.Rab1 Ne6 15.Kh2 Rf8
16.Qd2 f5 17.Qe1 f4 18.Bc1 Nd4 19.Rd3 Nxf3+ 20.Rxf3 g5 21.g4 Nf6 22.Rd3 Be6
23.b3 h5 24.f3 Rad8 25.Rxd8 Rxd8 26.Qe2 Kf7 27.Rb2 hxg4 28.fxg4 Qb4 29.Bd2 Qc5
30.Nd1 Nxg4+ 31.hxg4 Rh8+ 32.Bh3 Rxh3+ 33.Kxh3 Qg1 34.Qf3 Bxg4+  0-1

[Event "Hessen-Baden"]
[Site "Hessen"]
[Date "1991.??.??"]
[Round "?"]
[White "Schoebel, Wolfgang"]
[Black "Pfrommer, Christoph"]
[Result "0-1"]
[WhiteElo "2275"]
[BlackElo "2300"]

1.d4 Nf6 2.c4 g6 3.g3 Bg7 4.Bg2 O-O 5.Nf3 d6 6.O-O Nbd7 7.Qc2 e5 8.Rd1 Re8
9.Nc3 c6 10.b3 Qe7 11.e4 exd4 12.Nxd4 Nc5 13.f3 a5 14.Bf4 Nh5 15.Nf5 gxf5
16.Bxd6 Qf6 17.e5 Rxe5 18.Bxe5 Qxe5 19.Rd8+ Bf8 20.f4 Qf6 21.Rad1 Ne6 22.R8d3 Nc5
23.Rd8 Ng7 24.Ne2 Nge6 25.R8d2 a4 26.b4 Ne4 27.Bxe4 fxe4 28.c5 e3 29.Rd3 Nc7
30.Rxe3 Nd5 31.Re5 Nxb4 32.Qc3 Nxa2 33.Qa1 Bxc5+ 34.Rxc5 Qxa1 35.Rxa1 Nb4
36.Rc4 c5 37.Rxc5 Bd7 38.Nd4 Ra6 39.Ra3 Kf8 40.Nb5 Ra5 41.Rc4 Rxb5 42.Rxa4 Nd3
43.Ra1 Bc6 44.Rc3 Nc5 45.Rc2 f5 46.Kf2 Ne4+ 47.Ke3 Ke7 48.Ra8 Ke6 49.Rh8 Nf6
50.Rb8 Ra5 51.Rd8 Ra4 52.Rb2 Be4 53.Rb6+ Ke7 54.Rd2 Nd5+  0-1

[Event "HUN-chT"]
[Site "HUN"]
[Date "1991.??.??"]
[Round "?"]
[White "Groszpeter, Attila"]
[Black "Bilek, Istvan"]
[Result "1/2-1/2"]
[WhiteElo "2485"]
[BlackElo "2350"]

1.d4 Nf6 2.Nf3 g6 3.c4 Bg7 4.g3 O-O 5.Bg2 d6 6.O-O Nbd7 7.d5 Nb6 8.Na3 Bg4
9.Nd4 Qd7 10.Re1 Bh3 11.e4 Bxg2 12.Kxg2 e6 13.f3 exd5 14.cxd5 Rfe8 15.Nac2 c6
16.Be3 c5 17.Ne2 Nc4 18.Bc1  1/2-1/2

[Event "HUN-chT"]
[Site "HUN"]
[Date "1991.??.??"]
[Round "?"]
[White "Konopka, Michal"]
[Black "Gazik, Igor"]
[Result "0-1"]
[WhiteElo "2390"]
[BlackElo "2395"]

1.d4 Nf6 2.c4 g6 3.g3 Bg7 4.Bg2 O-O 5.Nf3 d6 6.Nc3 Nc6 7.O-O a6 8.h3 Rb8
9.Nd5 Bf5 10.Ne3 Be4 11.d5 Na7 12.Nd4 Bxg2 13.Kxg2 c5 14.dxc6 bxc6 15.Qc2 d5
16.Rd1 c5 17.Nb3 d4 18.Ng4 Nd7 19.Nh6+ Kh8 20.h4 Qb6 21.h5 Nf6 22.hxg6 fxg6
23.Rh1 e5 24.f3 Nc6 25.Nd2 Nb4 26.Qb1 d3 27.exd3 Rbd8 28.Ne4 Rxd3 29.Ng5 Bxh6
30.Rxh6 e4 31.fxe4 Nxe4 32.Nxe4 Qc6 33.Rh4 Re8 34.b3 Rxe4 35.Qb2+ Red4+ 36.Kh2 Rd1
37.Qg2 Rxh4+ 38.gxh4 Qd6+ 39.Qg3 Rh1+ 40.Kxh1 Qxg3  0-1

[Event "Katowice op"]
[Site "Katowice"]
[Date "1991.??.??"]
[Round "2"]
[White "Pigusov, Evgeny"]
[Black "Grabarczyk, Bogdan"]
[Result "1-0"]
[WhiteElo "2535"]
[BlackElo "2325"]

1.Nf3 Nf6 2.c4 g6 3.g3 Bg7 4.d4 O-O 5.Bg2 d6 6.Nc3 Nbd7 7.O-O e5 8.e4 exd4
9.Nxd4 Re8 10.h3 Nc5 11.Re1 Bd7 12.b4 Ne6 13.Nb3 a5 14.bxa5 Ng4 15.Bd2 Ne5
16.Qe2 Nc6 17.Nd5 Bxa1 18.Rxa1 Ncd4 19.Qd3 c5 20.Bc3 Bc6 21.f4 Bxd5 22.cxd5 c4
23.Qd2 cxb3 24.dxe6 Nxe6 25.axb3 Qc7 26.b4 Rac8 27.Bf6 Qc2 28.Qxc2 Rxc2 29.f5 Nc7
30.e5 dxe5 31.Bxb7 Rb2 32.Bc6 Rc8 33.Bd7 Ra8 34.Bxe5 Rxb4 35.Bxc7 Ra7 36.Bd6 Rb3
37.Be8 Rd3 38.Bf4 g5 39.Bb5 Rd5 40.Bc6 Rd3 41.Bc1 Re7 42.Bb5  1-0

[Event "Katowice op"]
[Site "Katowice"]
[Date "1991.??.??"]
[Round "6"]
[White "Vaulin, Alexander"]
[Black "Dydyshko, Viacheslav"]
[Result "1/2-1/2"]
[WhiteElo "2510"]
[BlackElo "2470"]

1.c4 g6 2.d4 Bg7 3.Nf3 Nf6 4.g3 O-O 5.Bg2 d6 6.O-O Nbd7 7.Nc3 e5 8.e4 c6
9.h3 Qb6 10.c5 dxc5 11.dxe5 Ne8 12.Qc2 Qc7 13.Bf4 Nxe5 14.Nxe5 Bxe5 15.Bxe5 Qxe5
16.f4 Qe7 17.e5 Bf5 18.Qf2 Rd8 19.g4 Bd3 20.Rfe1 Ng7 21.Rad1 f5 22.exf6 Qxf6
23.Qxc5 Ne6 24.Qxa7 Nxf4 25.Qe3 Qh4 26.Kh2  1/2-1/2

[Event "Katowice op"]
[Site "Katowice"]
[Date "1991.??.??"]
[Round "11"]
[White "Gorelov, Sergey G"]
[Black "Namgilov, Sogto"]
[Result "1/2-1/2"]
[WhiteElo "2420"]
[BlackElo "2445"]

1.d4 Nf6 2.Nf3 g6 3.g3 Bg7 4.c4 O-O 5.Bg2 d6 6.Nc3 Nbd7 7.O-O e5 8.h3 Re8
9.e4 exd4 10.Nxd4 Ne5 11.Re1 Bd7 12.Bf4 Qc8 13.Kh2 Nh5 14.Be3 Nf6 15.Bf4 Nh5
16.Be3 Nf6  1/2-1/2